000
00232 a2200097 4500
001
26816
100
_a
Blackorby, C
245
_a
Quality separability functional structure
260
_a
_b
North holland inc
_c
090
_c
18051
_d
18051
942
_a
NUST-CAE
_c
M
_c
8949
999
_c
261889
_d
261889